000 01001cam a2200217 i 4500
005 20260118084515.0
008 250721s2022 ku gr 000 0 ara d
020 _a9789990607024
082 1 4 _a323.3
_bخ ل ي
100 1 _aالخليل، رعد عبدالجليل مصطفى
_eمؤلف.
245 1 0 _aفي النظرية السياسية النسوية :
_cتأليف رعد عبد الجليل مصطفى الخليل، حسام الدين علي مجيد.
_bالبنى الفكرية والاتجاهات المعاصرة /
264 3 1 _bالمجلس الوطني للثقافة والفنون والاداب،
_c2022.
_aالكويت :
300 _a367 صفحة.
490 1 _aعالم المعرفة ؛
_vرقم 493.
650 1 7 _aالحقوق المدنيه والسياسية.
650 1 7 _aحقوق المرآة.
700 1 _aمجيد، حسام الدجين علي
_eمؤلف.
830 0 _aعالم المعرفة.
942 _2ddc
_cBK
999 _c143757
_d143757